000
00273nam a2200109Ia 4500
008
200302s9999 xx 000 0 und d
100
_a
Tony Worobiec
245
_a
Toning and Hand Colouring Photo Graphs
260
_b
Collins & Brown Inc.
260
_c
2002
300
_a
128 p.,
999
_c
1530
_d
1530